Calculus for business, economics, and the social and life sciences

Spremljeno u:
Bibliografski detalji
Glavni autor: Hoffmann, Laurence D
Format: Knjiga
Izdano: McGraw-Hill 1986
Oznake: Dodaj oznaku
Bez oznaka, Budi prvi tko označuje ovaj zapis!
Thư viện lưu trữ: Mạng thư viện Đại học Đà Nẵng
LEADER 00588nam a2200229 a 4500
001 000030076
003 19736
005 20171030145630.0
008 171030s1986
040 |a LTT 
082 0 |a 515  |b HO-L 
100 1 |a Hoffmann, Laurence D 
245 0 0 |a Calculus for business, economics, and the social and life sciences  |c Laurence D. Hoffmann. 
260 |b McGraw-Hill  |c 1986 
500 |a Binh Le 
OWN |a LTT 
999 |a From the UDN01 
TYP |a Monograph 
TYP |a Printed language 
980 |a Mạng thư viện Đại học Đà Nẵng